ბათუმის შოთა რუსთაველის სახელმწიფო უნივერსიტეტის ბიბლიოთეკა

Конституционное право зарубежных стран : (ბიბ.ჩანაწერი № 36065)

000 -LEADER
fixed length control field 00916nam a2200229Ia 4500
001 - CONTROL NUMBER
control field 1965
003 - CONTROL NUMBER IDENTIFIER
control field GE_BSU
005 - DATE AND TIME OF LATEST TRANSACTION
control field 20221006150254.0
008 - FIXED-LENGTH DATA ELEMENTS--GENERAL INFORMATION
fixed length control field 181216s2006ru xx |||||||||||||| ||rus||
020 ## - INTERNATIONAL STANDARD BOOK NUMBER
International Standard Book Number 9854893928
040 ## - CATALOGING SOURCE
Transcribing agency GE_BSU
041 ## - LANGUAGE CODE
Language code of text/sound track or separate title rus
080 ## - UNIVERSAL DECIMAL CLASSIFICATION NUMBER
Universal Decimal Classification number 342.4(1-87)(075.8) В-19
100 ## - MAIN ENTRY--PERSONAL NAME
Personal name Василевич,Г.А.
9 (RLIN) 15112
245 ## - TITLE STATEMENT
Title Конституционное право зарубежных стран :
Remainder of title Учебник. для студ. /
Statement of responsibility, etc. Г.А. Василевич, Н.М. Кондратович.
264 ## - PRODUCTION, PUBLICATION, DISTRIBUTION, MANUFACTURE, AND COPYRIGHT NOTICE
Place of production, publication, distribution, manufacture Минск :
Name of producer, publisher, distributor, manufacturer Книжный двор,
Date of production, publication, distribution, manufacture, or copyright notice 2006.
300 ## - PHYSICAL DESCRIPTION
Extent 480 стр.:
Other physical details 20 см.
653 ## - INDEX TERM--UNCONTROLLED
keyword Конституционное право зарубежных стран
653 ## - INDEX TERM--UNCONTROLLED
keyword უცხო ქვეყნების კონსტიტუციური სამართალი
700 ## - ADDED ENTRY--PERSONAL NAME
Personal name Кондратович, Н.М.
9 (RLIN) 15113
942 ## - ADDED ENTRY ELEMENTS (KOHA)
Koha item type წიგნი
Source of classification or shelving scheme
ეგზემპლარები
Withdrawn status Lost status Source of classification or shelving scheme Damaged status Not for loan Permanent Location Current Location Shelving location Date acquired Cost, normal purchase price Full call number Barcode Date last seen Copy number Price effective from Koha item type Public note
          ბათუმის შოთა რუსთაველის სახელმწიფო უნივერსიტეტის მთავარი ბიბლიოთეკა ბათუმის შოთა რუსთაველის სახელმწიფო უნივერსიტეტის მთავარი ბიბლიოთეკა წიგნსაცავი 2018-12-17 18.00 342.4(1-87)(075.8) В-19 3872 2018-12-17 3872 2018-12-17 წიგნი 18.00